000 004950000a22001930004500
001 1429
003 CO-MdFUSB
005 20170615142748.0
008 170615b xxu||||| |||| 00| 0 eng d
020 _a968-16-7047-7
040 _cCO-MdBIC
082 0 4 _a863C L137j
100 1 _aLago, Angela
245 1 0 _aJuan Felizario Contento el rey de los negocios / Angela Lago
260 _aMéxico : Fondo de Cultura Económica
300 _a32 P.
650 1 4 _aLiteratura Infanil
942 _cLGB
999 _c48590
_d48590